000 00318nam a22001097a 4500
008 230605b xxu||||| |||| 00| 0 eng d
082 _a333.75
_bOWI
100 _cGovernment of Kenya
245 _aReport of the Government's Task Force on the Conservation of the Mau Forests Complex
300 _a78 pages
942 _2ddc
_cBK
999 _c375
_d375